Faktoring v podnikaní
Vymedzenie pojmu faktoring. Priebeh faktoringovej transakcie. Tuzemský faktoring. Formy faktoringu v praxi. Výhody využitia faktoringu z hľadiska dodávateľa. Náklady spojené s využitím faktoringu.
Guardado en:
| Autor principal: | |
|---|---|
| Formato: | Capítulo de libro |
| Lenguaje: | eslovaco |
| Materias: | |
| Etiquetas: |
Sin Etiquetas, Sea el primero en etiquetar este registro!
|
MARC
| LEADER | 00000naa a2200000 4500 | ||
|---|---|---|---|
| 001 | r035369 | ||
| 005 | 20230919114620.3 | ||
| 041 | 0 | |a slo | |
| 044 | |a SK | ||
| 245 | 1 | 0 | |a Faktoring v podnikaní |c Ladislava Batoryová |
| 520 | |a Vymedzenie pojmu faktoring. Priebeh faktoringovej transakcie. Tuzemský faktoring. Formy faktoringu v praxi. Výhody využitia faktoringu z hľadiska dodávateľa. Náklady spojené s využitím faktoringu. | ||
| 610 | 2 | 0 | |a obchody bankové |
| 610 | 2 | 0 | |a pohľadávky |
| 610 | 2 | 0 | |a inkaso |
| 610 | 2 | 0 | |a dodávatelia |
| 610 | 2 | 0 | |a odberatelia |
| 610 | 2 | 0 | |a faktúry |
| 610 | 2 | 0 | |a banky |
| 610 | 2 | 0 | |a úrok |
| 610 | 2 | 0 | |a trh finančný |
| 100 | 1 | |a Batoryová, Ladislava | |